000
00333nam a2200145Ia 4500
008
210210b xxu||||| |||| 00| 0 eng d
082
_a
383/99 UGC
100
_a
SHERLEKAR, S A
245
_a
Secretarial practics
260
_a
_b
Not Mentioned
_c
650
_a
Secretarial
650
_a
practics
690
_a
Commerce
906
_a
036491
999
_c
86717
_d
86717